00296 2200133 4500001002100000005001500021035002000036245004600056300000800102260001900110082000800129084001200137990001300149INLIS00000000000218620250527010636 a0010-0525000478 aKontakte deutch extra /ceva maria marbun a188 bkatalis,c2008 a430 a430 KON a07.13310